Catalog

Record Details

Catalog Search



Z chlapce mužem, z dívky ženou : průvodce pro rodiče dospívajících s PAS  Cover Image Book Book

Z chlapce mužem, z dívky ženou : průvodce pro rodiče dospívajících s PAS / Lenka Bittmannová, Veronika Šporclová (eds.)

Bittmannová, Lenka (Author, Editor). Šporclová, Veronika (Author, Editor).

Record details

  • ISBN: 978-80-88429-56-2
  • Physical Description: 159 stran ; 21 cm
  • Edition: Vydání první
  • Publisher: V Praze : Pasparta, 2023

Content descriptions

Bibliography, etc. Note:
Obsahuje bibliografie a bibliografické odkazy
Subject: děti s autismem
autismus
dospívání
interpersonální vztahy
psychologie handicapu
psychologie adolescentů
Genre: příručky

Available copies

  • 0 of 1 copy available at Common Catalog SPOK.

Holds

  • 0 current holds with 1 total copy.
Show Only Available Copies
Location Call Number / Copy Notes Barcode Shelving Location Status Due Date
Jabok Library PeS-5.6 424480044881 Odborná literatura Checked out 08.09.2025

LDR 01696cam a2200469 i 4500
00152404
003CZ-PrJAB
00520230615075205.0
007ta
008151013s2023 xr e f 000 0 cze d
015 . ‡acnb003518167
020 . ‡a978-80-88429-56-2 ‡q(brožováno)
035 . ‡a(CZ PrNK)nkc20233518167
040 . ‡aUOG001 ‡bcze ‡dKLG001 ‡dOLA001 ‡erda
072 7. ‡a159.92 ‡xVývojová psychologie. Individuální psychologie ‡2Konspekt ‡917
080 . ‡a316.344.6-056.36-053.2 ‡2MRF
080 . ‡a159.97 ‡2MRF
080 . ‡a159.922.8 ‡2MRF
080 . ‡a316.472.4 ‡2MRF
080 . ‡a159.9:364.694 ‡2MRF
080 . ‡a159.922.8 ‡2MRF
080 . ‡a(035) ‡2MRF
1001 . ‡aBittmannová, Lenka ‡7osa2016926700 ‡4aut ‡4edt
24510. ‡aZ chlapce mužem, z dívky ženou : ‡bprůvodce pro rodiče dospívajících s PAS / ‡cLenka Bittmannová, Veronika Šporclová (eds.)
24630. ‡aPrůvodce pro rodiče dospívajících s PAS
250 . ‡aVydání první
264 1. ‡aV Praze : ‡bPasparta, ‡c2023
300 . ‡a159 stran ; ‡c21 cm
336 . ‡atext ‡btxt ‡2rdacontent
337 . ‡abez média ‡bn ‡2rdamedia
338 . ‡asvazek ‡bnc ‡2rdacarrier
504 . ‡aObsahuje bibliografie a bibliografické odkazy
65007. ‡aděti s autismem ‡7ph114095 ‡2czenas
65007. ‡aautismus ‡7ph118685 ‡2czenas
65007. ‡adospívání ‡7ph117183 ‡2czenas
65007. ‡ainterpersonální vztahy ‡7ph114786 ‡2czenas
65007. ‡apsychologie handicapu ‡7ph224029 ‡2czenas
65007. ‡apsychologie adolescentů ‡7ph115949 ‡2czenas
655 7. ‡apříručky ‡7fd133209 ‡2czenas
7001 . ‡aŠporclová, Veronika ‡7xx0175378 ‡4aut ‡4edt
910 . ‡aABG312
995 . ‡aska
901 . ‡a52404 ‡bAUTOGEN ‡c52404 ‡tbiblio

Additional Resources